[Event "Tournament (Elo) \"]
[Site "masterchessopen.com Warsaw (Poland)"]
[Date "2009.04.29"]
[Round "4"]
[White "Krasiewicz Robert (POL)"]
[Black "Szefer Michal (POL)"]
[Result "1-0"]
[WhiteElo "2094"]
[BlackElo "2036"]

1.d4 g6 2.c4 Bg7 3.Nc3 Nf6 4.e4 O-O 5.f4 c5 6.dxc5 Qa5 7.Bd3 Qxc5 8.Qe2 Nc6
9.Nf3 d6 10.Be3 Qa5 11.O-O Ng4 12.Bd2 Nd4 13.Qe1 Nxf3+ 14.gxf3 Nf6 15.Kh1 Qh5
16.Qf2 Be6 17.Rg1 Qc5 18.Be3 Qc8 19.Rac1 Kh8 20.Qh4 Rg8 21.Bd4 Qd7 22.Rg5 Rac8
23.b3 Nh5 24.Bxg7+ Nxg7 25.Rcg1 Qc6 26.Qh6 Nh5 27.f5 f6 28.fxg6 Rg7 29.Rxh5
{#r} 1-0

[Event "Memorial Vanja Somov (cat.5)"]
[Site "masterchessopen.com Kirishi (Russia)"]
[Date "2009.05.12"]
[Round "4"]
[White "Fedoseev Vladimir (RUS)"]
[Black "Kovalev Vladislav (BLR)"]
[Result "1-0"]
[WhiteElo "2179"]
[BlackElo "2307"]

1.d4 Nf6 2.c4 g6 3.Nc3 Bg7 4.e4 d6 5.f4 c5 6.dxc5 Qa5 7.Bd3 Qxc5 8.Qe2 Nc6
9.Nf3 O-O 10.Be3 Qa5 11.O-O Ng4 12.Bd2 Nb4 13.Bb1 Be6 14.Kh1 Rac8 15.b3 Qa3
16.e5 dxe5 17.Ng5 Bd7 18.f5 Nh6 19.Na4 Na6 20.fxg6 hxg6 21.Nc3 f5 22.Bc1 Qa5
23.Bb2 e6 24.Nb5 Qd8 25.Rd1 Qxg5 26.Rxd7 Ng4 27.h3 Rcd8 28.Rxg7+ Kxg7 29.hxg4
Kf7 30.Bc2 Rd2 31.Qf3 Rxc2 32.Bxe5 Nc5 33.Qh3 Rc1+ 34.Rxc1 Qxc1+ 35.Kh2 Qe1
36.Qh7+ Ke8 37.Bd6 Rh8 38.Qxh8+ Kf7 39.Qh7+ {#r} 1-0

[Event "Zt"]
[Site "masterchessopen.com Gold Coast (Australia)"]
[Date "2009.06.26"]
[Round "9"]
[White "Jule Sebastian (AUS)"]
[Black "Yuan Yi (AUS)"]
[Result "0-1"]
[WhiteElo "1839"]
[BlackElo "2090"]

1.d4 Nf6 2.c4 g6 3.Nc3 Bg7 4.e4 d6 5.f4 O-O 6.Nf3 c5 7.dxc5 Qa5 8.Bd3 Qxc5
9.Qe2 Nc6 10.Be3 Qa5 11.O-O Bg4 12.Rac1 Nd7 13.Qf2 Bxf3 14.gxf3 Rac8 15.Bb1
Qh5 16.Ne2 Nc5 17.Rfd1 Rfd8 18.Kh1 Qh3 19.Nc3 b6 20.Nd5 a5 21.b3 Rb8 22.Bd3
Kf8 23.Be2 Nb4 24.Bf1 Qh5 25.Nxb6 Nxa2 26.Rc2 Nb4 27.Bxc5 Nxc2 28.Rd5 dxc5
29.Nd7+ Rxd7 30.Rxd7 Bd4 31.Ra7 Qg5 32.Bg2 Rxb3 33.Qf1 Kg7 {#R} 0-1

[Event "It \"]
[Site "masterchessopen.com Pardubice (Czech Republic)"]
[Date "2009.07.18"]
[Round "5"]
[White "Vokac Marek (CZE)"]
[Black "Maximov Dmitry (UKR)"]
[Result "1/2-1/2"]
[WhiteElo "2466"]
[BlackElo "2485"]

1.d4 Nf6 2.c4 g6 3.Nc3 Bg7 4.e4 d6 5.f4 O-O 6.Nf3 c5 7.dxc5 Qa5 8.Bd3 Qxc5
9.Qe2 Nc6 10.Be3 Qa5 11.O-O Bg4 12.Rac1 Nd7 13.Qf2 Bxf3 14.gxf3 a6 15.Rfd1
Rac8 16.Bf1 Qh5 17.Rd5 f5 18.e5 Ndxe5 19.fxe5 Nxe5 20.Rxe5 dxe5 21.Nd5 Rfe8
22.Re1 e6 23.Nc3 g5 24.Qg2 h6 25.c5 Red8 26.Bf2 Rd2 27.Re2 Rd7 28.a4 Bf6
29.Qh3 Qg6 30.Re1 h5 31.Bc4 Bg7 32.Qg2 g4 33.h3 Rd2 34.fxg4 hxg4 35.hxg4 Rxc5
36.Be2 Rc7 37.gxf5 Qxg2+ 38.Kxg2 exf5 39.Nd1 Rcc2 40.Kf1 e4 41.Ne3 Rc7 42.Nxf5
Bxb2 43.Ng3 Rc1 44.Rxc1 Bxc1 45.Nxe4 Rb2 46.a5 Rb1 47.Kg2 Ba3 48.Bb6 Bb4
49.Bc4+ Kf8 50.Bd5 Bxa5 51.Bxa5 Rb5 52.Nc3 {#d} 1/2-1/2

[Event "It (open)"]
[Site "masterchessopen.com Andorra"]
[Date "2009.07.21"]
[Round "4"]
[White "Movsziszian Karen (ARM)"]
[Black "Dvirnyy Daniyyl (ITA)"]
[Result "1-0"]
[WhiteElo "2570"]
[BlackElo "2440"]

1.d4 Nf6 2.c4 g6 3.Nc3 Bg7 4.e4 O-O 5.f4 d6 6.Nf3 c5 7.dxc5 Qa5 8.Bd3 Qxc5
9.Qe2 Nc6 10.Be3 Qa5 11.Rc1 Be6 12.a3 Rfc8 13.h3 Nd7 14.O-O Nc5 15.b4 Qxa3
16.bxc5 Bxc3 17.cxd6 exd6 18.Ng5 Bd4 19.f5 Bxe3+ 20.Qxe3 Bd7 21.Nxf7 Qc5
22.Qxc5 dxc5 23.fxg6 hxg6 24.e5 Rf8 25.Bxg6 Kg7 26.Bh5 Rae8 27.Rc3 {#r} 1-0

[Event "It (open)"]
[Site "masterchessopen.com Sliven (Bulgaria)"]
[Date "2009.09.06"]
[Round "9"]
[White "Drenchev Petar (BUL)"]
[Black "Bonev Todor (BUL)"]
[Result "1-0"]
[WhiteElo "2465"]
[BlackElo "2260"]

1.d4 Nf6 2.c4 g6 3.Nc3 Bg7 4.e4 d6 5.f4 O-O 6.Nf3 c5 7.dxc5 Qa5 8.Bd3 Qxc5
9.Qe2 Nc6 10.Be3 Qa5 11.O-O Ng4 12.Bd2 Qb6+ 13.Kh1 Qxb2 14.Rab1 Qa3 15.h3 Nf6
16.Nb5 Qc5 17.g4 Nxg4 18.hxg4 Bxg4 19.f5 Ne5 20.Be3 Qc8 21.Nbd4 Nxf3 22.Nxf3
gxf5 23.exf5 Bxf5 24.Bxf5 Qxf5 25.Rxb7 Qe4 26.Rg1 Kh8 27.Bd4 {#r} 1-0

[Event "Czech League 2009/10 (2nd) (f)"]
[Site "masterchessopen.com Czech Republic"]
[Date "2009.10.18"]
[Round "1"]
[White "Slovak Petr (CZE)"]
[Black "Sindler Michal (CZE)"]
[Result "0-1"]
[WhiteElo "2114"]
[BlackElo "2163"]

1.d4 Nf6 2.c4 g6 3.Nc3 Bg7 4.e4 O-O 5.f4 d6 6.Nf3 c5 7.dxc5 Qa5 8.Bd3 Qxc5
9.Qe2 Nc6 10.Be3 Qa5 11.O-O Bg4 12.a3 Nd7 13.b4 Qh5 14.Rac1 Bxf3 15.gxf3 Bd4
16.Bxd4 Nxd4 17.Qe3 Nc6 18.b5 Qc5 19.Qxc5 Nxc5 20.bxc6 Nxd3 21.cxb7 Rab8
22.Rb1 Nc5 23.Nd5 Rfe8 24.Kf2 Rxb7 25.Rxb7 Nxb7 26.Rb1 Nc5 27.Ke3 Kf8 28.Kd4
Rc8 29.e5 Ne6+ 30.Kc3 Nc5 31.exd6 exd6 32.Rd1 Rb8 33.Nb4 a5 34.Rxd6 axb4+
35.axb4 Ne6 36.c5 Ke7 37.Kc4 Rd8 38.Rb6 Rd4+ 39.Kb5 Kd7 40.c6+ Kd6 41.f5 Nc7+
42.Ka5 Rd2 43.Ka4 Ra2+ 44.Kb3 Rxh2 45.b5 Rf2 46.fxg6 Rxf3+ 47.Ka4 hxg6 48.Rb7
Rf4+ 49.Ka5 Rf5 50.Kb6 Rxb5+ 51.Ka7 Rc5 {#R} 0-1

[Event "It (open)"]
[Site "masterchessopen.com Hoogeveen (Netherlands)"]
[Date "2009.10.22"]
[Round "7"]
[White "Timmermans Ivo (NED)"]
[Black "Van Delft Merijn (NED)"]
[Result "0-1"]
[WhiteElo "2223"]
[BlackElo "2360"]

1.d4 Nf6 2.c4 g6 3.Nc3 Bg7 4.e4 d6 5.f4 O-O 6.Nf3 c5 7.dxc5 Qa5 8.Bd3 Qxc5
9.Qe2 Nc6 10.Be3 Qa5 11.O-O Bg4 12.Rac1 Nd7 13.Qf2 Bxf3 14.gxf3 Nc5 15.Bb1 Na4
16.Nxa4 Qxa4 17.b3 Qa3 18.Rcd1 a6 19.Kh1 Rfc8 20.h4 a5 21.Bc1 Qb4 22.Rd3 a4
23.Bd2 Qa3 24.Bc1 Qb4 25.Bd2 Qa3 26.Bc1 Qc5 27.Be3 Qa5 28.Bd2 Qa6 29.h5 axb3
30.axb3 b5 31.cxb5 Qxb5 32.hxg6 hxg6 33.Rg1 Ra1 34.Bc2 Rxg1+ 35.Kxg1 Nd4
36.Bb1 Nxb3 37.Ba2 Qxd3 {#R} 0-1

[Event "Tournament (Elo) \"]
[Site "masterchessopen.com Warsaw (Poland)"]
[Date "2009.11.27"]
[Round "8"]
[White "Krasiewicz Robert (POL)"]
[Black "Choroszej Aleksander (POL)"]
[Result "0-1"]
[WhiteElo "2094"]
[BlackElo "2067"]

1.d4 Nf6 2.c4 g6 3.Nc3 Bg7 4.e4 d6 5.f4 O-O 6.Nf3 c5 7.dxc5 Qa5 8.Bd3 Qxc5
9.Qe2 Nc6 10.Be3 Qa5 11.O-O Bd7 12.h3 Rac8 13.Rac1 a6 14.a3 e5 15.Qf2 exf4
16.Bxf4 Ne5 17.Nxe5 dxe5 18.Bg5 Nh5 19.Nd5 f6 20.Ne7+ Kh8 21.Bd2 Qc7 22.Nxc8
Rxc8 23.g4 Nf4 24.Bxf4 exf4 25.Qxf4 Qxf4 26.Rxf4 Bh6 27.Rff1 Bxc1 28.Rxc1 Rd8
29.Rc3 Bc6 30.Kf2 Re8 31.Rb3 Kg7 32.Kg3 a5 33.Kf4 h5 34.Rc3 hxg4 35.hxg4 Rh8
36.Be2 Rh2 37.Re3 a4 38.c5 Rh1 39.Rd3 Rb1 40.Rd2 Rc1 41.e5 g5+ 42.Ke3 fxe5
43.Bf3 e4 44.Bg2 Re1+ 45.Kd4 e3 46.Rc2 e2 47.Ke3 Bxg2 48.Kf2 Rh1 49.Rxe2 Bc6
50.Ke3 Rg1 51.Kd4 Rxg4+ 52.Kc3 Rf4 53.b4 axb3 54.Kxb3 g4 {#R} 0-1

[Event "Ch New Zealand"]
[Site "masterchessopen.com Auckland (New Zealand)"]
[Date "2010.01.07"]
[Round "6"]
[White "Jackson L Ross (NZL)"]
[Black "Bennett Hilton (NZL)"]
[Result "1-0"]
[WhiteElo "1966"]
[BlackElo "1975"]

1.d4 Nf6 2.c4 g6 3.Nc3 Bg7 4.e4 d6 5.f4 O-O 6.Nf3 c5 7.dxc5 Qa5 8.Bd3 Qxc5
9.Qe2 Nc6 10.Be3 Qa5 11.O-O Ng4 12.Bd2 Qc5+ 13.Kh1 Nd4 14.Nxd4 Bxd4 15.Nd5 Re8
16.b4 Qc6 17.Bc3 Bxc3 18.Nxc3 Bd7 19.h3 Nf6 20.e5 Nh5 21.Kh2 Rac8 22.Rac1 Qb6
23.Nd5 Qd4 24.g4 e6 25.Qe3 dxe5 26.fxe5 Qxe3 27.Nxe3 Ng7 28.Rc3 Red8 29.Rfc1
h5 30.c5 hxg4 31.hxg4 a6 32.Nc4 Bc6 33.Nd6 Rc7 34.Bc2 Ne8 35.Bb3 Kg7 36.g5
Rcd7 37.a4 Nxd6 38.exd6 Rh8+ 39.Rh3 Rxh3+ 40.Kxh3 Rd8 41.Kg3 Rh8 42.Rd1 Rd8
43.Rd2 Bd7 44.Bd1 Kf8 45.Bf3 Rb8 46.Rh2 Kg7 47.b5 axb5 48.axb5 e5 49.c6 bxc6
50.bxc6 Bxc6 51.Bxc6 Rb3+ 52.Kg4 Rb4+ 53.Kf3 e4+ 54.Ke3 Rb6 55.d7 Rb3+ 56.Kxe4
Rc3 57.d8=Q Re3+ 58.Kxe3 {#r} 1-0

[Event "Oberliga East B 2009/10"]
[Site "masterchessopen.com Germany"]
[Date "2010.01.24"]
[Round "7"]
[White "Legde Georg (GER)"]
[Black "Karabalis Harilos (GER)"]
[Result "1-0"]
[WhiteElo "2326"]
[BlackElo "2249"]

1.d4 Nf6 2.c4 g6 3.Nc3 Bg7 4.e4 d6 5.f4 O-O 6.Nf3 c5 7.dxc5 Qa5 8.Bd3 Qxc5
9.Qe2 Nc6 10.Be3 Qa5 11.Rc1 Bg4 12.O-O e5 13.Qf2 Bxf3 14.gxf3 Nh5 15.f5 Nf4
16.Qd2 g5 17.Bb1 Nd4 18.Kh1 h6 19.Qf2 Rfc8 20.Bxf4 exf4 21.Nd5 Qd8 22.Rfd1 Nc6
23.b4 Ne7 24.c5 Nxd5 25.Rxd5 Qf6 26.e5 dxe5 27.Rcd1 Bf8 28.Be4 Rab8 29.Rd7 b6
30.Bd5 Be7 31.c6 Rf8 32.c7 Rbe8 33.Qc2 e4 34.Bxe4 Bxb4 35.Bb7 Bc5 36.Qd2 Qe5
37.Qd5 Qb2 38.c8=Q {#r} 1-0

[Event "Tournament (Elo) \"]
[Site "masterchessopen.com Warsaw (Poland)"]
[Date "2010.03.26"]
[Round "12"]
[White "Janczarski Michal (POL)"]
[Black "Choroszej Aleksander (POL)"]
[Result "1-0"]
[WhiteElo "2303"]
[BlackElo "2122"]

1.c4 g6 2.Nc3 Bg7 3.d4 d6 4.e4 Nf6 5.f4 O-O 6.Nf3 c5 7.dxc5 Qa5 8.Bd3 Qxc5
9.Qe2 Nc6 10.Be3 Qa5 11.Rc1 Bd7 12.O-O Rac8 13.Kh1 Rfe8 14.b3 e5 15.Nb5 Bf8
16.fxe5 dxe5 17.Ng5 Qd8 18.Rxf6 Qxf6 19.Rf1 Qe7 20.Rxf7 Qxf7 21.Nxf7 Kxf7
22.Nxa7 Nxa7 23.Bxa7 Kg8 24.Be3 Be6 25.Qb2 Bg4 26.h3 Rcd8 27.Qc2 Be6 28.c5 Kg7
29.Qc3 Bf7 30.Kh2 h6 31.Bb5 Re7 32.Bf4 Kf6 33.Bg3 Be8 34.Bc4 Bc6 35.Qf3+ {#r}
1-0

[Event "Ch Russia (club) (high league)"]
[Site "masterchessopen.com Dagomys (Russia)"]
[Date "2010.04.08"]
[Round "7"]
[White "Vorobiov Evgeny E (RUS)"]
[Black "Gorovykh Eduard (RUS)"]
[Result "1-0"]
[WhiteElo "2565"]
[BlackElo "2447"]

1.d4 Nf6 2.c4 g6 3.Nc3 Bg7 4.e4 d6 5.f4 c5 6.dxc5 Qa5 7.Bd3 Qxc5 8.Nf3 O-O
9.Qe2 Nc6 10.Be3 Qa5 11.O-O Bg4 12.h3 Bxf3 13.Qxf3 Nd7 14.Rac1 Nc5 15.Bb1 Na4
16.Nxa4 Qxa4 17.b3 Qa5 18.Rcd1 Qc7 19.h4 a6 20.h5 b5 21.Rc1 Rac8 22.cxb5 axb5
23.hxg6 hxg6 24.Qh3 Rfd8 25.Rc2 Qb7 26.f5 Nd4 27.fxg6 fxg6 28.Rd2 Rf8 29.Rxf8+
Kxf8 30.Bxd4 Bxd4+ 31.Rxd4 Rc1+ 32.Kh2 Rxb1 33.Qh8+ Kf7 34.Rxd6 Qc7 35.Qh7+
Kf8 36.Qh6+ Kf7 37.Qxg6+ Kf8 38.Qh6+ Ke8 39.Qh5+ Kf8 40.Qf5+ Kg8 41.Qg4+ Kf8
42.Qf3+ Ke8 43.Qh5+ Kf8 44.Qh8+ Kf7 45.Qh7+ Kf8 46.e5 Rh1+ 47.Kxh1 Qc1+ 48.Kh2
exd6 49.Qh8+ Kf7 50.Qf6+ Kg8 51.e6 Qc5 52.Qf7+ Kh8 53.e7 Qe5+ 54.g3 {#r} 1-0

[Event "Ch Portugal"]
[Site "masterchessopen.com Amadora (Portugal)"]
[Date "2010.09.08"]
[Round "5"]
[White "Dias Paulo (POR)"]
[Black "Ferreira Jorge Joao Viterbo (POR)"]
[Result "1-0"]
[WhiteElo "2394"]
[BlackElo "1902"]

1.d4 Nf6 2.c4 g6 3.Nc3 Bg7 4.e4 d6 5.f4 O-O 6.Nf3 c5 7.dxc5 Qa5 8.Bd3 Qxc5
9.Qe2 Nc6 10.Be3 Qa5 11.Rc1 Be6 12.O-O Rfc8 13.a3 Bg4 14.Kh1 Nd7 15.Qf2 Bxf3
16.gxf3 Nc5 17.Bb1 Nb3 18.Rcd1 Bxc3 19.bxc3 Qxc3 20.h4 Qf6 21.f5 Nba5 22.Bg5
Qg7 23.c5 dxc5 24.Qxc5 b6 25.Qf2 Nc4 26.Ba2 b5 27.Qc5 Rab8 28.Rb1 Qe5 29.Rxb5
Rxb5 30.Qxc4 Rb2 31.f4 Qg7 32.fxg6 hxg6 33.f5 Rf8 34.f6 exf6 35.Bxf6 Qh6
36.Bxb2 Qxh4+ 37.Kg2 Qg4+ 38.Kf2 {#r} 1-0

[Event "Tournament \"]
[Site "masterchessopen.com Moscow (Russia)"]
[Date "2010.09.08"]
[Round "2"]
[White "Burlov Vassili (RUS)"]
[Black "Yarmolenko Evgeny (RUS)"]
[Result "0-1"]
[WhiteElo "2353"]
[BlackElo "2240"]

1.d4 Nf6 2.c4 g6 3.Nc3 Bg7 4.e4 O-O 5.f4 d6 6.Nf3 c5 7.dxc5 Qa5 8.Bd3 Qxc5
9.Qe2 Nc6 10.Be3 Qa5 11.O-O Ng4 12.Bc1 Bd7 13.h3 Nf6 14.Qf2 Nb4 15.Bb1 Rac8
16.Be3 Rxc4 17.a3 Na6 18.e5 Nh5 19.Ba2 Rxf4 20.Nd5 dxe5 21.Nxf4 Nxf4 22.Ng5 e6
23.Bxa7 Qd8 24.Nf3 e4 25.Bb6 Qe7 26.Nd2 Nd3 27.Qe3 f5 28.Bc4 Nxb2 29.Bxa6 bxa6
30.Bc5 Qd8 31.Bxf8 Bxf8 32.Kh1 Bb5 33.Rfc1 Nd3 34.a4 Bxa4 35.Rxa4 Nxc1 36.Rxa6
Nd3 37.Nb3 Qd5 38.Qb6 Nf4 39.Qb8 Qd1+ 40.Kh2 Ne2 41.Ra1 Qd6+ 42.Qxd6 Bxd6+
43.Kh1 Kf7 44.Ra7+ Kf6 45.Rxh7 e3 46.Rd7 Bg3 47.Rb7 Nf4 48.Nd4 e2 49.Nf3 e1=Q+
50.Nxe1 Bxe1 51.Kh2 Ne2 52.g4 f4 53.Kg2 Nd4 54.Rh7 g5 55.Kf1 Bh4 {#R} 0-1

[Event "Tournament (open)"]
[Site "masterchessopen.com Vic (Spain)"]
[Date "2010.10.26"]
[Round "3"]
[White "Parramon Arimany Marc (ESP)"]
[Black "Martinez Alonso Joan (ESP)"]
[Result "1/2-1/2"]
[WhiteElo "1903"]
[BlackElo "1907"]

1.d4 g6 2.e4 d6 3.c4 Nf6 4.Nc3 Bg7 5.f4 O-O 6.Nf3 c5 7.dxc5 Qa5 8.Bd3 Qxc5
9.Qe2 Nc6 10.Be3 Qa5 11.O-O Ng4 12.Bd2 Nd4 13.Qe1 Nxf3+ 14.Rxf3 Bd4+ 15.Kh1
Qb6 16.Nd1 Bd7 17.h3 Nf6 18.Rb1 Qc5 19.b4 Qh5 20.Be3 Bxe3 21.Nxe3 Ng4 22.Nxg4
Bxg4 23.Rg3 Bd7 24.Qe3 Qh6 25.Re1 Qg7 26.e5 dxe5 27.Qxe5 Qxe5 28.Rxe5 e6
29.Be4 Rac8 30.Bxb7 Rb8 31.Be4 Rxb4 32.Rd3 Bc8 33.Rc5 Ra4 {#d} 1/2-1/2

[Event "Ch Macedonia (team) (2 league)"]
[Site "masterchessopen.com Skopje (Macedonia)"]
[Date "2011.05.07"]
[Round "4"]
[White "Miskoski Misko (MKD)"]
[Black "Todorovski Ilija (MKD)"]
[Result "0-1"]
[WhiteElo "1965"]
[BlackElo "2139"]

1.d4 Nf6 2.c4 g6 3.Nc3 Bg7 4.e4 d6 5.f4 O-O 6.Nf3 c5 7.dxc5 Qa5 8.Bd3 Qxc5
9.Qe2 Nc6 10.Be3 Qa5 11.O-O Bd7 12.a3 Ng4 13.Bd2 Qd8 14.h3 Nf6 15.Rac1 Na5
16.Be3 Nb3 17.Rcd1 a5 18.Qf2 Bc6 19.e5 Nd7 20.e6 Bxf3 21.exf7+ Rxf7 22.Qxf3
Nbc5 23.Bb1 a4 24.Qg3 Qf8 25.h4 Nf6 26.f5 gxf5 27.Bxc5 dxc5 28.Bxf5 Ra6
29.Rfe1 Nh5 30.Qc7 Bd4+ 31.Rxd4 cxd4 32.Nd5 e6 {#R} 0-1

[Event "It \"]
[Site "masterchessopen.com Hamburg (Germany)"]
[Date "2011.07.11"]
[Round "4"]
[White "Sechting Martin (GER)"]
[Black "Hinrichs Lars (GER)"]
[Result "1-0"]
[WhiteElo "2058"]
[BlackElo "1880"]

1.d4 Nf6 2.c4 g6 3.Nc3 Bg7 4.e4 d6 5.f4 O-O 6.Nf3 c5 7.dxc5 Qa5 8.Bd3 Qxc5
9.Qe2 Nc6 10.Be3 Qa5 11.O-O Ng4 12.Bd2 Qb6+ 13.Kh1 Qxb2 14.Nb5 Bd7 15.h3 Nf6
16.Kh2 Ne8 17.e5 dxe5 18.Rfb1 Qxa1 19.Rxa1 e4 20.Re1 exd3 21.Qxd3 Bf5 22.Qe3
Nf6 23.Bc3 Rad8 24.Nbd4 Nxd4 25.Bxd4 Rd6 26.Qc3 Be6 27.Be5 Rfd8 28.Qb4 R6d7
29.Ng5 Bf5 30.Bc3 h6 31.Nf3 Bf8 32.Ne5 Rc7 33.Qa4 b6 34.Rd1 Rxd1 35.Qxd1 Be6
36.Qd4 Kh7 37.g4 Rc8 38.Qd3 b5 39.cxb5 Nd5 40.Bd2 Rd8 41.f5 Bg7 42.Nc6 {#r}
1-0

[Event "It \"]
[Site "masterchessopen.com Hamburg (Germany)"]
[Date "2011.07.13"]
[Round "6"]
[White "Sechting Martin (GER)"]
[Black "Kohtz Andreas (GER)"]
[Result "0-1"]
[WhiteElo "2058"]
[BlackElo "2058"]

1.d4 Nf6 2.c4 g6 3.Nc3 Bg7 4.e4 d6 5.f4 O-O 6.Nf3 c5 7.dxc5 Qa5 8.Bd3 Qxc5
9.Qe2 Nc6 10.Be3 Qa5 11.O-O Ng4 12.Bd2 Qh5 13.h3 Nd4 14.Nxd4 Bxd4+ 15.Kh1 Nf6
16.Qxh5 Nxh5 17.Kh2 Bd7 18.g4 Nf6 19.Ne2 Bxb2 20.Rab1 Ba3 21.g5 Nh5 22.Rxb7
Bc6 23.Rb3 Bc5 24.Nc3 Bd4 25.Nd5 Bxd5 26.cxd5 f6 27.Be2 fxg5 28.Bxh5 gxh5
29.Rg3 h6 30.Kg2 Rac8 31.fxg5 Be5 32.Rxf8+ Kxf8 33.Rf3+ Kg8 34.Be3 hxg5
35.Bxg5 Rc4 36.Ra3 Bd4 37.Bxe7 Bc5 38.Ra6 Rxe4 39.Bxd6 Bxd6 40.Rxd6 Re2+
41.Kg3 Rxa2 42.Kh4 Rd2 43.Kg5 Kf7 44.Kf5 Ke7 45.Re6+ Kd7 46.Ke5 Re2+ 47.Kf6
Rxe6+ 48.dxe6+ Ke8 49.h4 a5 50.Ke5 Ke7 51.Kd5 a4 52.Kc4 Kxe6 53.Kb4 Kf5
54.Kxa4 Kg4 55.Kb3 Kxh4 56.Kc2 Kg3 57.Kd2 Kg2 {#R} 0-1

[Event "It (open)"]
[Site "masterchessopen.com Geraardsbergen (Belgium)"]
[Date "2011.08.13"]
[Round "5"]
[White "Geboers Jimmy (BEL)"]
[Black "Renette Hans (BEL)"]
[Result "0-1"]
[WhiteElo "1949"]
[BlackElo "2348"]

1.d4 Nf6 2.c4 g6 3.Nc3 Bg7 4.e4 d6 5.f4 O-O 6.Nf3 c5 7.dxc5 Qa5 8.Bd3 Qxc5
9.Qe2 Nc6 10.Be3 Qa5 11.O-O Ng4 12.Bd2 Qb6+ 13.Kh1 Qxb2 14.Rab1 Qa3 15.Rb3 Qa5
16.Nb5 Qd8 17.h3 Nf6 18.g4 h5 19.g5 Nd7 20.Be3 Nc5 21.Bxc5 dxc5 22.f5 a6
23.Na3 Qd6 24.e5 Bxe5 25.fxg6 fxg6 26.Nh4 Bxh3 27.Rxf8+ Rxf8 28.Qe4 Nb4
29.Nxg6 Nxd3 {#R} 0-1

[Event "Memorial A.Rubinstein (b)"]
[Site "masterchessopen.com Polanica Zdroj (Poland)"]
[Date "2011.08.20"]
[Round "1"]
[White "Rykala Monika (POL)"]
[Black "Poznanska Katarzyna (POL)"]
[Result "0-1"]
[WhiteElo "1820"]
[BlackElo "2068"]

1.d4 Nf6 2.c4 g6 3.Nc3 Bg7 4.e4 d6 5.f4 O-O 6.Nf3 c5 7.dxc5 Qa5 8.Bd3 Qxc5
9.Qe2 Nc6 10.Be3 Qa5 11.O-O Bg4 12.Rac1 e5 13.f5 gxf5 14.exf5 e4 15.Nxe4 Nxe4
16.Bxe4 Rfe8 17.Bxc6 bxc6 18.Qf2 Qxf5 19.Bd4 Bxd4 20.Qxd4 Re6 21.Nd2 Qc5
22.Nb3 Qh5 23.Qf4 c5 24.Rc3 Rh6 25.h3 Be6 26.Nd2 Rg6 27.Rg3 Qe5 28.Qxe5 dxe5
29.Re3 Rd8 30.Rf2 Rd4 31.b3 a5 32.Kh2 f6 33.Ne4 Kg7 34.Nxc5 Bc8 35.Rfe2 Kf7
36.Re4 Rd1 37.R4e3 Rd4 38.Rd3 Rxd3 39.Nxd3 Rg8 40.Nc5 Ke7 41.a3 Kd6 42.Ne4+
Ke7 43.Nc5 Kd6 44.b4 f5 45.Rd2+ Kc6 46.Nb3 axb4 47.axb4 Be6 48.Na5+ Kc7 49.b5
e4 50.c5 e3 51.b6+ Kc8 52.Re2 Bd5 53.c6 f4 54.h4 Rg6 55.b7+ Kb8 56.Rc2 Rg7
57.h5 f3 58.gxf3 Bxf3 59.c7+ Rxc7 60.Rxc7 Kxc7 61.h6 e2 {#R} 0-1

[Event "Ch Autonomico"]
[Site "masterchessopen.com Zaragoza (Spain)"]
[Date "2011.09.03"]
[Round "8"]
[White "Cifuentes Parada Roberto (ESP)"]
[Black "Romon Poves Raul (ESP)"]
[Result "1/2-1/2"]
[WhiteElo "2523"]
[BlackElo "2275"]

1.c4 Nf6 2.Nc3 g6 3.e4 d6 4.d4 Bg7 5.f4 O-O 6.Nf3 c5 7.dxc5 Qa5 8.Bd3 Qxc5
9.Qe2 Nc6 10.Be3 Qa5 11.Rc1 Bg4 12.O-O Nd7 13.Qf2 Bxf3 14.gxf3 Nc5 15.Bb1 Na4
16.Nd1 Rac8 17.a3 Qh5 18.b4 e5 19.fxe5 dxe5 20.Kh1 f5 21.exf5 gxf5 22.c5 Nd4
23.Ba2+ Kh8 24.Bd5 b6 25.Bxd4 exd4 26.c6 Qh6 27.f4 Rfd8 28.Bg2 Nc3 29.Nxc3
dxc3 30.Rfd1 Rd6 31.Rxd6 Qxd6 32.h3 Rd8 33.Qe3 Qc7 34.b5 h6 35.a4 Rd4 36.Rg1
c2 37.Bf3 Rd8 38.Be2 Bd4 39.Qe6 Bxg1 40.Qxh6+ Qh7 41.Qf6+ Qg7 42.Qh4+ Qh7
43.Qxd8+ Qg8 44.Qh4+ Qh7 45.Qf6+ Qg7 46.Qh4+ Qh7 {#d} 1/2-1/2

[Event "It (open) (b)"]
[Site "masterchessopen.com Krakow (Poland)"]
[Date "2011.12.30"]
[Round "4"]
[White "Koziej Maciej (POL)"]
[Black "Popiol Michal"]
[Result "1-0"]
[WhiteElo "2064"]
[BlackElo "1874"]

1.d4 Nf6 2.c4 g6 3.Nc3 Bg7 4.e4 d6 5.f4 O-O 6.Nf3 c5 7.dxc5 Qa5 8.Bd3 Qxc5
9.Qe2 Nc6 10.Be3 Qa5 11.Rc1 Ng4 12.Bg1 e5 13.h3 Nh6 14.fxe5 dxe5 15.Bf2 Nd4
16.Qd2 f5 17.Nd5 Qd8 18.Nxd4 exd4 19.O-O fxe4 20.Bxe4 Bf5 21.Rce1 Bxe4 22.Rxe4
Nf5 23.Qd3 b5 24.Nf4 bxc4 25.Qxc4+ Rf7 26.Ne6 Qc8 27.Qxc8+ Rxc8 28.Nxg7 Kxg7
29.Bxd4+ Nxd4 30.Rxf7+ Kxf7 31.Rxd4 Ke6 32.Rd2 Rc7 33.Kf2 Ke5 34.Ke3 h5 35.a3
Rb7 36.b4 Rc7 37.Kd3 h4 38.Re2+ Kf4 39.a4 g5 40.Kd4 Rc6 41.Kd5 Rc8 42.Re5 {#r}
1-0

[Event "Ch Czech Republic (team) (1 liga) West"]
[Site "masterchessopen.com Czech Republic"]
[Date "2012.01.15"]
[Round "6"]
[White "Tarasova Viktoriya (RUS)"]
[Black "Tuma Jakub (CZE)"]
[Result "1/2-1/2"]
[WhiteElo "2294"]
[BlackElo "2287"]

1.d4 Nf6 2.c4 g6 3.Nc3 Bg7 4.e4 d6 5.f4 O-O 6.Nf3 c5 7.dxc5 Qa5 8.Bd3 Qxc5
9.Qe2 Nc6 10.Be3 Qa5 11.Rc1 e5 12.O-O Bg4 13.Qd2 Bxf3 14.gxf3 Nh5 15.fxe5 dxe5
16.Nd5 Qd8 17.b4 Nd4 18.Kh1 Ne6 19.Rcd1 Nf6 20.Qf2 Nxd5 21.cxd5 Nd4 22.Rc1 Qd6
23.Qb2 b6 24.Bxd4 exd4 25.f4 Rac8 26.Bc4 Qd7 27.Qe2 Qd6 28.a3 f6 29.Rce1 Kh8
30.Qd3 a5 31.bxa5 bxa5 32.Rf2 Rfe8 33.Bb5 Red8 34.Bc6 Bh6 35.Ref1 Qc5 36.a4
Bg7 37.Rc2 Qd6 38.Re2 Rb8 {#d} 1/2-1/2

[Event "It (open)"]
[Site "masterchessopen.com New Delhi (India)"]
[Date "2012.01.20"]
[Round "8"]
[White "Swapnil S Dhopade (IND)"]
[Black "Narayanan Srinath (IND)"]
[Result "1-0"]
[WhiteElo "2435"]
[BlackElo "2387"]

1.d4 Nf6 2.c4 g6 3.Nc3 Bg7 4.e4 d6 5.f4 O-O 6.Nf3 c5 7.dxc5 Qa5 8.Bd3 Qxc5
9.Qe2 Nc6 10.Be3 Qa5 11.O-O Bg4 12.Rac1 Nd7 13.Qf2 Bxf3 14.gxf3 Nc5 15.Bb1 Na4
16.Nxa4 Qxa4 17.Rfd1 Rfd8 18.Kh1 Rac8 19.f5 b6 20.f4 Kh8 21.fxg6 fxg6 22.Rg1
e5 23.f5 gxf5 24.Rxg7 Kxg7 25.Rg1+ Kh8 26.Qh4 Rf8 27.Bg5 Rg8 28.Bf6+ {#r} 1-0

[Event "It \"]
[Site "masterchessopen.com Neustadt a.d. Weinstrasse (Germany)"]
[Date "2012.02.23"]
[Round "9"]
[White "Maurer Jochen (GER)"]
[Black "Harutjunyan Gevorg (ARM)"]
[Result "0-1"]
[WhiteElo "2272"]
[BlackElo "2482"]

1.d4 Nf6 2.c4 g6 3.Nc3 Bg7 4.e4 d6 5.f4 O-O 6.Nf3 c5 7.dxc5 Qa5 8.Bd3 Qxc5
9.Qe2 Nc6 10.Be3 Qa5 11.Rc1 Bg4 12.O-O Nd7 13.Qf2 Bxf3 14.gxf3 Rac8 15.Rfd1
Qh5 16.Be2 Nb6 17.Kh1 f5 18.Rg1 Bh6 19.Rg2 e5 20.fxe5 Bxe3 21.Qxe3 Nxe5 22.f4
Qh6 23.Nd5 Nxd5 24.cxd5 Rce8 25.Qd4 b6 26.Rcg1 Nd7 27.Bd3 Nc5 28.Bc2 Nxe4
29.b4 Re7 30.a4 Qxf4 31.Bxe4 Rxe4 32.Rxg6+ hxg6 33.Rxg6+ Kf7 34.Rf6+ Ke7
35.Re6+ Kd8 {#R} 0-1

[Event "Ch India (team)"]
[Site "masterchessopen.com Panaji (India)"]
[Date "2012.03.01"]
[Round "5"]
[White "Swapnil S Dhopade (IND)"]
[Black "Palaniappan A L (IND)"]
[Result "1-0"]
[WhiteElo "2435"]
[BlackElo "2018"]

1.d4 Nf6 2.c4 g6 3.Nc3 Bg7 4.e4 d6 5.f4 O-O 6.Nf3 c5 7.dxc5 Qa5 8.Bd3 Qxc5
9.Qe2 Nc6 10.Be3 Qa5 11.Rc1 Bg4 12.O-O Nd7 13.Qf2 Bxf3 14.gxf3 Nc5 15.Bb1 Na4
16.Nxa4 Qxa4 17.Rfd1 Rfd8 18.Kh1 Rac8 19.f5 b6 20.f4 Bf6 21.Rg1 Kg7 22.h4 Rh8
23.Kh2 Qa6 24.h5 Rcg8 25.b3 Qc8 26.Qd2 Kf8 27.h6 gxf5 28.exf5 Rxg1 29.Rxg1 Rg8
30.Be4 Rxg1 31.Kxg1 Qd7 32.Qd5 Nd8 33.a4 e5 34.a5 Qe7 35.axb6 axb6 36.Bxb6
exf4 37.Kf1 Bh4 38.c5 Qg5 39.Qxd6+ Kg8 40.Qd7 Qxh6 41.Bxd8 Qa6+ 42.Kg1 Qa1+
43.Kh2 Qb2+ 44.Kh3 Qc3+ 45.Bd3 Qe1 46.Bxh4 Qh1+ 47.Kg4 Qg2+ 48.Kh5 Qf3+ 49.Kh6
Qh5+ {#r} 1-0